000 00532nam a2200205Ia 4500
003 GCL
008 140319s9999 xx 000 0 eng d
040 _aGCL /
_cGCL
082 0 4 _a443.21
_bP V
100 1 _aPATEAU, ANNE-MARIE
245 1 0 _aVOCABULAIRE DE L'ANGLIS D'AUJOURD'HUI /
_cPATEAU, ANNE-MARIE
700 1 _aBARRIE, BILL
260 _a[S.N] :
_bLE LIVRE DE POCHE ،
_c1995
300 _a378 P
650 0 4 _aDICTIONARIES
650 0 4 _aFRENCH
650 0 4 _aENGLISH - FRENCH
650 0 4 _aLANGUAGES
942 _2ddc
_cBK
999 _c24712
_d24712